| 000 | 00949nas a2200301 4500 | ||
|---|---|---|---|
| 001 | BR0700599 | ||
| 003 | BR-BrBNA | ||
| 005 | 20231205110546.0 | ||
| 007 | ta | ||
| 008 | 230509b bl.|||p| |||| 00| 00por d | ||
| 040 |
_aBR-BrBNA _bpor _cBiblioteca Nacional de Agricultura |
||
| 041 | _a(Pt) | ||
| 072 | _aF01 | ||
| 100 | 1 | _aMoreira, A.L. | |
| 100 | 1 | _aReis, R.A | |
| 100 | 1 | _aSimili, F.F. | |
| 100 | 1 | _aPedreira, M. dos S. | |
| 100 | 1 | _aContato, E.D. | |
| 100 | 1 | _aRuggieri, A.C. | |
| 245 | 1 | _aÉpoca de sobressemeadura de gramíneas anuais de inverno e de verão no capim-tifton 85: produção e composição botânica | |
| 650 | _aAVEIA FORRAGEIRA | ||
| 650 | _aÉPOCA DE SEMEADURA | ||
| 650 | _aCOMPOSIÇÃO BOTÂNICA | ||
| 650 | _aHÍBRIDO | ||
| 773 | 0 |
_tCiência e Agrotecnologia (Brazil) _xISSN 1413-7054 _g(Jul-Aug 2006), v. 30(4) p. 739-745 _wBR0700599 |
|
| 909 |
_a202311 _bLúcia _c55 _dLúcia Elande |
||
| 942 |
_2AGRIS _n0 _cANA |
||
| 999 |
_c187922 _d187922 |
||